000 00645nam a2200241 a 4500
008
020 _a063118211X (pbk.)
049 _aMAIN
090 0 1 _aHB139KEN
100 1 _aKennedy, Peter.
245 1 _aA guide to econometrics /
_cPeter Kennedy.
250 _a3rd ed.
260 _aOxford :
_bBlackwell,
_c1992.
300 _axi, 410 p. ;
_c23 cm.
504 _aIncludes bibliographical references.
500 _aIncludes index.
650 0 _aEconometrics.
907 _a.b10152441
_b20-06-06
_c21-02-05
003
005 20230123133926.0
040 _cNUST
942 _cBOOKS
_kHB139KEN
999 _c156992
_d156992